000 00511cam a2200169 4500500
005 20260329002013.0
041 _afre
042 _adc
100 1 0 _aLacroix, Alexandre
_eauthor
245 0 0 _aLes aventuriers de l’art perdu
260 _c2010.
500 _a82
690 _aEnfance
690 _aSauvage
786 0 _nPhilosophie magazine | 38 | 4 | 2010-04-01 | p. 21-22 | 1951-1787
856 4 1 _uhttps://shs.cairn.info/magazine-philosophie-magazine-2010-4-page-21?lang=fr&redirect-ssocas=7080
999 _c1810717
_d1810717